| 000 | 00634nam a2200205Ia 4500 | ||
|---|---|---|---|
| 003 | GCL | ||
| 008 | 140319s9999 xx 000 0 ara d | ||
| 040 |
_aGCL / _cGCL |
||
| 082 | 0 | 4 |
_a780.91 _bم ت |
| 100 | 1 | _aمحمود احمد الحفنى | |
| 245 | 1 | 0 |
_aتراثنا الموسيقى من الادوار والموشحات / _cمحمود احمد الحفنى |
| 700 | 1 | _aابراهيم شفيق | |
| 260 |
_a[S.N] : _bاللجنة الموسيقية العليا |
||
| 490 | _a | ||
| 650 | 0 | 4 | _aالموسيقى |
| 650 | 0 | 4 | _aالموشحات |
| 650 | 0 | 4 | _aقوالب |
| 650 | 0 | 4 | _aتاريخ ونقد |
| 942 |
_2ddc _cBK |
||
| 999 |
_c33359 _d33359 |
||